000 01184cam a2200313 a 4500
001 16223150
003 DO-SdBPM
005 20250526103041.0
008 100327s2008 cu a b f000 0 spa
010 _a 2010385974
020 _a9789592740631
040 _aDO-SdBPM
_bspa
_cBPMSU
_d
_e
082 4 _a345.0231
_bE79u 2008
_222
245 0 0 _aEstados Unidos vs. los Cinco :
_bla mala conducta : compilación de la Mesa Redonda.
246 3 0 _aMala conducta
246 3 _aEstados Unidos versus los Cinco
260 _aLa Habana, Cuba :
_bOficina de Publicaciones del Consejo de Estado,
_c2008.
300 _a251 p. :
_bill. ;
_c23 cm.
504 _aIncluye referencias bibliográficas y notas al pie de las páginas
590 _aInventariado, 2025/VM
650 4 _aJuicios por espionaje
_zAtlanta (Georgia, Estados Unidos).
_z
650 4 _aProcesos por conspiración
_zAtlanta (Georgia, Estados Unidos)
_z
650 4 _aEspías
_zCuba.
651 4 _aCuba
_xRelaciones exteriores
_zEstados Unidos
651 4 _aEstados Unidos
_xRelaciones exteriores
_zCuba.
710 1 _aCuba.
_bConsejo de Estado.
910 _aVMateo V. Control de calidad. BPMSU
942 _2ddc
_cBK
999 _c15102
_d15102